[Event "FRA-ch op"]
[Site "Nimes"]
[Date "2014.08.20"]
[Round "4"]
[White "Achard Rozan, Celian"]
[Black "Ulles, Jean Clement"]
[Result "0-1"]
[WhiteElo "1341"]
[BlackElo "1473"]
[PlyCount "124"]
[EventDate "2014.08.17"]
[EventType "swiss"]
[EventRounds "11"]
[EventCountry "FRA"]
[SourceTitle "EXT 2015"]
[Source "ChessBase"]
[SourceDate "2014.11.20"]
[SourceVersion "1"]
[SourceVersionDate "2014.11.20"]
[SourceQuality "1"]

1. e4 e6 2. d4 d5 3. Nc3 Bb4 4. exd5 exd5 5. Nf3 Ne7 6. Bd3 Bf5 7. 0-0 0-0 8. Re1 Bxd3 9. Qxd3 c6 10. Bf4 Nd7 11. a3 Ba5 12. Re2 Nf6 13. Bg5 Ng6 14. Qf5 Qd7 15. Qxd7 Nxd7 16. Rae1 h6 17. Bh4 Nxh4 18. Nxh4 Nf6 19. Nf5 Ne4 20. Re3 Nf6 21. Rf3 Rfe8 22. Ree3 Rxe3 23. fxe3 Bxc3 24. bxc3 Ne4 25. Ne7+ Kf8 26. Ng6+ Ke8 27. Ne5 f6 28. Nd3 Nxc3 29. Nf4 Kf7 30. Kf2 Nb5 31. a4 Nc3 32. a5 b6 33. a6 Ne4+ 34. Ke2 b5 35. Rf1 Rb8 36. Kd3 g5 37. Ne2 Rb6 38. Ra1 Ke6 39. Nc3 f5 40. h3 Rb8 41. Ne2 Kf6 42. Nc3 Re8 43. Nxe4+ Rxe4 44. g3 h5 45. Rf1 Kg6 46. c3 h4 47. gxh4 Rxh4 48. Rf3 Rh8 49. Ke2 g4 50. hxg4 Rh2+ 51. Rf2 Rxf2+ 52. Kxf2 fxg4 53. Kg3 Kg5 54. Kf2 Kf5 55. Kg3 Kg5 56. Kf2 Kh4 57. Kg2 g3 58. Kg1 Kh3 59. Kh1 g2+ 60. Kg1 Kg3 61. e4 dxe4 62. d5 e3 0-1

[Event "Saint Affrique op 22nd"]
[Site "Saint Affrique"]
[Date "2014.07.19"]
[Round "1"]
[White "Achard Rozan, Celian"]
[Black "Clair, Michael"]
[Result "0-1"]
[WhiteElo "1330"]
[BlackElo "1806"]
[PlyCount "62"]
[EventDate "2014.07.19"]
[EventType "swiss"]
[EventRounds "9"]
[EventCountry "FRA"]
[SourceTitle "CBM 161 Extra"]
[Source "ChessBase"]
[SourceDate "2014.08.29"]
[SourceVersion "1"]
[SourceVersionDate "2014.08.29"]
[SourceQuality "1"]

1. e4 d6 2. d4 Nf6 3. Nc3 e5 4. dxe5 dxe5 5. Qxd8+ Kxd8 6. Bg5 Be6 7. 0-0-0+ Nbd7 8. Nf3 Kc8 9. Bb5 c6 10. Ba4 Bb4 11. Bxf6 Nxf6 12. Ng5 Bxc3 13. Nxe6 fxe6 14. f3 Bd4 15. c3 Be3+ 16. Kb1 Rd8 17. Bb3 Rxd1+ 18. Rxd1 Kc7 19. Bxe6 Rd8 20. Rxd8 Kxd8 21. Kc2 Bg1 22. h3 Nh5 23. Bc4 Ke7 24. Kb3 Kf6 25. g4 Nf4 26. h4 h6 27. Kc2 Ng2 28. h5 Ne1+ 29. Kd1 Nxf3 30. Be2 Ng5 31. Bd3 Nh3 0-1

[Event "EU-ch U08 23rd"]
[Site "Budva"]
[Date "2013.10.02"]
[Round "4"]
[White "Achard Rozan, Celian"]
[Black "Plesca, Constantin"]
[Result "1/2-1/2"]
[WhiteElo "1285"]
[BlackElo "1400"]
[PlyCount "66"]
[EventDate "2013.09.29"]
[EventType "swiss"]
[EventRounds "9"]
[EventCountry "MNE"]
[SourceTitle "EXT 2014"]
[Source "ChessBase"]
[SourceDate "2013.11.20"]
[SourceVersion "1"]
[SourceVersionDate "2013.11.20"]
[SourceQuality "1"]

1. e4 c5 2. Nf3 d6 3. Nc3 Nf6 4. Bc4 e6 5. d3 a6 6. 0-0 Bd7 7. d4 cxd4 8. Nxd4 Qc7 9. Be2 Be7 10. Bg5 0-0 11. Re1 Nc6 12. Nxc6 Bxc6 13. Bf3 Rac8 14. Qe2 Rfe8 15. Rad1 Nxe4 16. Bxe7 Nxc3 17. bxc3 Bxf3 18. Qxf3 Qxe7 19. Qg3 d5 20. Rd4 Qf6 21. Rb1 b5 22. Qd6 Rxc3 23. Rd2 Ra3 24. Qxa3 Ra8 25. h3 Qd8 26. Rb3 Qd7 27. Rc3 h6 28. Rg3 Ra7 29. Qe3 Kh7 30. Rd4 f6 31. Qd3+ Kh8 32. Qg6 e5 33. Rdd3 Qe6 1/2-1/2